000 00561nam a2200181 a 4500
005 20140412111232.0
008 020415s19uu xx 00 eng d
020 _a0-525-44159-X
050 _aTR(PS E
_bPl692 1985
100 _aRockwell, Anne
245 _aPlanes /
_cby Anne Rockwell.
260 _aNew York :
_bE. P. Dutton,
_c1985.
300 _a1 v. (unp.) ; ill.
520 _aSimple text and illustrations introduce different type of airplanes.
650 _aAirplanes
_xPictorial works
_xJuvenile literature
650 _aAirplanes
999 _c102231
_d102231